The Standard Model of Fundamental Particles - Statistics

General Stats
  • This quiz has been taken 37 times
  • The average score is 14 of 17
Answer Stats
Answer % Correct
Down Quark
92%
Electron
92%
Higgs Boson
92%
Muon
92%
Up Quark
92%
Charm Quark
85%
Gluon
85%
Photon
85%
Bottom Quark
81%
Top Quark
81%
Strange Quark
77%
Tau
77%
Electron Neutrino
73%
Muon Neutrino
73%
Tau Neutrino
73%
W Boson
73%
Z Boson
65%
No matching quizzes found
Score Distribution
Percent of People with Each Score
Percentile by Number Answered
Your Score History
You have not taken this quiz